| 000 | 00616nam a2200217Ia 4500 | ||
|---|---|---|---|
| 008 | 180523s9999 xx 000 0 und d | ||
| 020 | _a1-59139-502-X | ||
| 050 | _aMAIN HD 66 | ||
| 050 | _b.H37 2004 | ||
| 245 | 0 | _aHarvard business review on teams that succeed / | |
| 260 | _aMassachusetts : | ||
| 260 | _bHarvard Business School Press, | ||
| 260 | _c2004 | ||
| 300 | _a200 pages : | ||
| 300 | _c21 cm. | ||
| 440 | _aA Harvard business review paperback. | ||
| 500 | _aIncludes index. | ||
| 650 | _aOrganizational effectiveness. | ||
| 650 | _aTeams in the workplace. | ||
| 650 | _xEmployee motivation. | ||
| 999 |
_c356952 _d356952 |
||